| 000 | 00373nam a22001337a 4500 | ||
|---|---|---|---|
| 020 | _a 9781904722656 | ||
| 040 | _cNUST | ||
| 082 | _a954.91 JOU | ||
| 100 |
_aMohamed Amin _988377 |
||
| 110 |
_aDuncan Willetts, Graham Hancock, Asif Noorani _988378 |
||
| 245 | _aJourney Through Pakistan | ||
| 260 |
_aKENYA: _bCamerapix Publishers International, _c2019. |
||
| 942 |
_2ddc _cBK |
||
| 999 |
_c587606 _d587606 |
||